Elementry sampling for traffic engineers (Record no. 411430)

000 -LEADER
fixed length control field 00427cam a22001337a 4500
008 - FIXED-LENGTH DATA ELEMENTS--GENERAL INFORMATION
fixed length control field 180718b1962 xxu||||| |||| 00| 0 eng d
082 ## - DEWEY DECIMAL CLASSIFICATION NUMBER
Classification number W4 V94
100 ## - MAIN ENTRY--PERSONAL NAME
Personal name Votaw, David F.
245 ## - TITLE STATEMENT
Title Elementry sampling for traffic engineers
Statement of responsibility, etc. by David F. Votaw and Herbert S. Levinson
260 ## - PUBLICATION, DISTRIBUTION, ETC.
Place of publication, distribution, etc. Saugatuck
Name of publisher, distributor, etc. The Eco Foundation For Highway Traffic Control
Date of publication, distribution, etc. 1962
300 ## - PHYSICAL DESCRIPTION
Extent 128p
650 ## - SUBJECT ADDED ENTRY--TOPICAL TERM
Topical term or geographic name entry element Traffic.
700 ## - ADDED ENTRY--PERSONAL NAME
Personal name Levinson, Herbert S.
Holdings
Withdrawn status Lost status Damaged status Not for loan Permanent Location Current Location Date acquired Full call number Barcode Date last seen Price effective from Koha item type
        Indian Institute of Public Administration Indian Institute of Public Administration 2009-01-29 W4 V94 DA667 2018-07-21 2018-07-21 DA

Powered by Koha